000 00694nam a22002057a 4500
999 _c190973
_d190973
005 20220816161033.0
010 _aB-745316
020 _a9789353224615
_c595.00
035 _aB-745316
037 _bPrabhat Prakashan
100 _aJain, Subhash
245 _aPHYSICS: MSc Entrance Examination /
_cSubhash Jain and Anshul Jain
250 _a1st
260 _aNew Delhi
_bPrabhat Prakashan
_c2019
270 _a4/19 Asaf Ali Road New Delhi
_bNew Delhi
_e110002
_k7827007777
_mprabhatbooks@gmail.com
300 _a805p.
_c28cm(pbk)
700 _aJain, Anshul
942 _2ddc
_cEN
_mJAI
_h530